| 000 | 01048nam a22002537a 4500 | ||
|---|---|---|---|
| 005 | 20170124103053.0 | ||
| 010 | _aA-816383 | ||
| 020 | _c100.00 | ||
| 035 | _aA-816383 | ||
| 037 | _bCen Lib/Ret | ||
| 040 |
_aDPL _bHN |
||
| 082 |
_aक _bचन्द्रका |
||
| 100 |
_aचन्द्रकान्ता _970974 |
||
| 245 |
_aचर्चित कहनियाँ / _cचन्द्रकान्ता |
||
| 246 |
_aCharchit kahaniyan / _bby Chandrakanta |
||
| 260 |
_aनयी दिल्ली _bसामायिक प्रकाशन _c1996 |
||
| 270 |
_bनयी दिल्ली _a3543 जट वाडा, दरयागंज _e110002 |
||
| 300 |
_a143पृ. _c19सेमी(सजिल्द ) |
||
| 650 |
_aहिन्दी साहित्य _970975 |
||
| 650 |
_aहिन्दी साहित्य _xकहानियां _970976 |
||
| 650 |
_aHindi literature _970977 |
||
| 650 |
_aHindi literature _xstories _970978 |
||
| 942 |
_2ddc _cHN _hक _mचन्द्रका |
||
| 999 |
_c117249 _d117249 |
||